Normal view
MARC view
Entry Personal Name
001 - CONTROL NUMBER
- control field: 72657
003 - CONTROL NUMBER IDENTIFIER
- control field: OSt
005 - DATE AND TIME OF LATEST TRANSACTION
- control field: 20180529163933.0
008 - FIXED-LENGTH DATA ELEMENTS
- fixed length control field: 180529|| aca||aabn | a|a d
040 ## - CATALOGING SOURCE
- Original cataloging agency: OSt
- Transcribing agency: OSt
100 ## - HEADING--PERSONAL NAME
- Personal name: Bhatt,V.N.
670 ## - SOURCE DATA FOUND
- Source citation: Work cat.: (OSt): Bhatt,V.N., INDIAN FOLKLORE, 2014









